Statistiques concernant Pays du monde avec une carte vide en 5 minutes

Cliquez ici pour prendre le quiz!

Statistiques générales

  • Ce quiz a été pris 1 916 fois
  • Le résultat moyen est 105 sur 196

Réponses sur la Carte

Les réponses sont colorées sur une échelle allant du rouge au vert en fonction du pourcentage des utilisateurs qui les ont devinées à leur premier essai. Vous pouvez retrouver ces pourcentages ci-dessous.
 

Statistiques - réponses

Pays% Correct
France
96%
Russie
94%
Canada
92%
Espagne
92%
États-Unis
91%
Allemagne
90%
Brésil
89%
Chine
88%
Italie
88%
Mexique
88%
Argentine
86%
Portugal
84%
Algérie
83%
Maroc
83%
Suède
83%
Pologne
82%
Suisse
81%
Norvège
80%
Chili
79%
Finlande
79%
Ukraine
79%
Inde
78%
Royaume-Uni
78%
Colombie
77%
Égypte
77%
Japon
77%
Pérou
77%
Australie
76%
Belgique
75%
Autriche
74%
Danemark
74%
Irlande
74%
Mongolie
74%
Uruguay
74%
Bolivie
73%
Grèce
73%
Turquie
73%
Paraguay
72%
Afrique du Sud
71%
Tunisie
71%
Biélorussie
70%
Estonie
70%
Islande
70%
Lituanie
69%
Roumanie
69%
Hongrie
68%
Lettonie
68%
Libye
68%
Pays-Bas
68%
République Démocratique du Congo
68%
Venezuela
68%
République du Congo
67%
Iran
66%
République Tchèque
66%
Slovaquie
66%
Irak
65%
Mali
65%
Croatie
64%
Équateur
64%
Panama
64%
Slovénie
64%
Albanie
63%
Cuba
63%
Luxembourg
63%
Kazakhstan
62%
Andorre
61%
Arabie Saoudite
61%
Indonésie
61%
Serbie
61%
Bulgarie
60%
Corée du Sud
60%
Costa Rica
60%
Soudan
60%
Corée du Nord
59%
Guyana
59%
Pakistan
59%
Monaco
58%
Niger
58%
Vatican
58%
Nicaragua
57%
Suriname
57%
Guatemala
56%
Nouvelle-Zélande
56%
Afghanistan
55%
Kosovo
55%
Nigeria
55%
Sénégal
55%
Thaïlande
55%
Viêt Nam
55%
Bosnie-Herzégovine
54%
Honduras
54%
Israël
54%
Mauritanie
54%
Liban
53%
Monténégro
53%
Laos
51%
Macédoine du Nord
51%
Malte
51%
Moldavie
51%
Syrie
51%
Tchad
51%
Belize
50%
Népal
50%
Saint-Marin
50%
Yémen
50%
Jamaïque
49%
Ouzbékistan
49%
Salvador
49%
Guinée
48%
Qatar
48%
Somalie
48%
Soudan du Sud
48%
Cambodge
47%
Cameroun
47%
Chypre
47%
Éthiopie
47%
Haïti
47%
Malaisie
47%
Oman
47%
Angola
46%
Jordanie
46%
Liechtenstein
46%
Émirats Arabes Unis
45%
Madagascar
45%
Togo
45%
Turkménistan
45%
Arménie
44%
Kenya
44%
Philippines
44%
Zambie
44%
Bahamas
43%
Côte d'Ivoire
43%
Géorgie
43%
Ghana
42%
Namibie
42%
Tanzanie
42%
Azerbaïdjan
41%
Bangladesh
41%
Bénin
41%
Bhoutan
41%
Birmanie
41%
Tadjikistan
41%
Kirghizistan
40%
République Centrafricaine
40%
République Dominicaine
40%
Taïwan
40%
Dominique
38%
Gambie
38%
Mozambique
38%
Zimbabwe
38%
Gabon
37%
Sri Lanka
37%
Botswana
36%
Sainte-Lucie
36%
Barbade
35%
Burkina Faso
35%
Érythrée
35%
Guinée-Bissau
35%
Koweït
35%
Singapour
35%
Bahreïn
34%
Lesotho
34%
Papouasie-Nouvelle-Guinée
34%
Saint-Christophe- et-Niévès
34%
Saint-Vincent-et-les-Grenadines
34%
Antigua-et-Barbuda
33%
Cap-Vert
33%
Ouganda
33%
Rwanda
33%
Fidji
32%
Grenade
32%
Trinité-et-Tobago
32%
Comores
31%
Djibouti
30%
Guinée Équatoriale
30%
Liberia
30%
Brunei
29%
Burundi
29%
États Fédérés de Micronésie
29%
Malawi
29%
Maldives
29%
Maurice
29%
Seychelles
29%
Sierra Leone
29%
Tonga
29%
Eswatini
28%
Kiribati
27%
Tuvalu
27%
Îles Marshall
26%
Palaos
26%
Samoa
26%
Sao Tomé-et-Principe
26%
Îles Salomon
25%
Nauru
25%
Timor Oriental
24%
Vanuatu
24%

Distribution des résultats

Percentile par nombre de réponses

% des personnes avec chaque résultat

Votre développement - résultats

Vous n’avez pas pris ce quiz